Stati per esportazioni di Componenti aeronautici - Statistics

Statistiche generali
  • Questo quiz è stato fatto 5 volte
  • Il punteggio medio è 8 su 10
Statistiche sulle risposte
Esportazioni (milioni $) Continente Nazione % Corretto
1 176 Asia Cina
100%
7 227 Europa Francia
100%
27 013 Europa Germania
100%
2 818 Europa Italia
100%
12 866 America del Nord Stati Uniti
100%
2 758 America del Nord Canada
80%
8 708 Europa Regno Unito
80%
1 946 Europa Spagna
80%
4 287 Asia Giappone
60%
907 Europa Svizzera
40%
Nessun quiz corrispondente trovato
Distribuzione punteggi
Percentuale di utenti per punteggio
Percentile per numero di risposta
I tuoi punteggi nel tempo
Non hai fatto questo quiz